[Event "HUN-ch Rapid"]
[Site "Ajka"]
[Date "2024.07.21"]
[Round "8"]
[White "Sjugirov, Sanan"]
[Black "Danilenko, Dmitriy"]
[Result "1-0"]
[WhiteElo "2651"]
[BlackElo "2418"]
[PlyCount "61"]
[EventDate "2024.07.20"]
[EventType "swiss (rapid)"]
[EventRounds "11"]
[EventCountry "HUN"]
[SourceTitle "CBM 221 Extra"]
[Source "ChessBase"]
[SourceDate "2024.09.30"]
[SourceVersion "1"]
[SourceVersionDate "2024.09.30"]
[SourceQuality "1"]

1. c4 c6 2. d4 d5 3. Nf3 Nf6 4. Nc3 dxc4 5. a4 Bf5 6. Ne5 Nbd7 7. Nxc4 Nb6 8. Ne5 a5 9. e3 Nbd7 10. Nc4 e6 11. f3 Bb4 12. e4 Bg6 13. Be2 0-0 14. 0-0 c5 15. Na2 cxd4 16. Nxb4 axb4 17. Qxd4 b5 18. Nd6 bxa4 19. Qxb4 Qe7 20. Bd2 Rab8 21. Nb5 Qc5+ 22. Qxc5 Nxc5 23. Bf4 Rbc8 24. Rfc1 Nfd7 25. Bd6 Nb3 26. Rxc8 Rxc8 27. Rxa4 Nc1 28. Bf1 f5 29. Rc4 Nb6 30. Rxc8+ Nxc8 31. Bf4 1-0

[Event "HUN-ch Rapid"]
[Site "Ajka"]
[Date "2024.07.20"]
[Round "3"]
[White "Kryvoruchko, Yuriy"]
[Black "Danilenko, Dmitriy"]
[Result "1-0"]
[WhiteElo "2650"]
[BlackElo "2418"]
[PlyCount "83"]
[EventDate "2024.07.20"]
[EventType "swiss (rapid)"]
[EventRounds "11"]
[EventCountry "HUN"]
[SourceTitle "CBM 221 Extra"]
[Source "ChessBase"]
[SourceDate "2024.09.30"]
[SourceVersion "1"]
[SourceVersionDate "2024.09.30"]
[SourceQuality "1"]

1. e4 c5 2. Nf3 d6 3. d4 cxd4 4. Nxd4 Nf6 5. Nc3 Nc6 6. Bg5 e6 7. Qd2 a6 8. 0-0-0 Be7 9. Kb1 Bd7 10. f3 Nxd4 11. Qxd4 Bc6 12. h4 Qc7 13. g4 b5 14. h5 h6 15. Bh4 b4 16. Ne2 e5 17. Qd2 d5 18. exd5 Nxd5 19. Bxe7 Qxe7 20. Ng3 Rd8 21. Qc1 0-0 22. Bd3 Nf4 23. Be4 Bxe4 24. Nxe4 Rxd1 25. Rxd1 Rd8 26. c4 bxc3 27. Nxc3 Rxd1 28. Qxd1 Qc7 29. Qa4 Qc8 30. Qe4 Qe6 31. a4 g6 32. hxg6 fxg6 33. Qa8+ Kg7 34. Ne4 Qb3 35. Qxa6 Nd3 36. Qf6+ Kg8 37. Qxg6+ Kf8 38. Qxh6+ Ke8 39. Qd2 Nb4 40. Nc3 Qc4 41. Qe2 Qd4 42. a5 1-0

[Event "HUN-ch Blitz"]
[Site "Ajka"]
[Date "2024.07.19"]
[Round "12"]
[White "Danilenko, Dmitriy"]
[Black "Vitiugov, Nikita"]
[Result "1/2-1/2"]
[WhiteElo "2418"]
[BlackElo "2678"]
[PlyCount "67"]
[EventDate "2024.07.19"]
[EventType "swiss (blitz)"]
[EventRounds "13"]
[EventCountry "HUN"]
[SourceTitle "CBM 221 Extra"]
[Source "ChessBase"]
[SourceDate "2024.09.30"]
[SourceVersion "1"]
[SourceVersionDate "2024.09.30"]
[SourceQuality "1"]

1. e4 e5 2. Nf3 Nc6 3. Bb5 a6 4. Ba4 d6 5. Nc3 Nf6 6. d4 b5 7. dxe5 dxe5 8. Qxd8+ Nxd8 9. Bb3 Bd6 10. 0-0 Bb7 11. Re1 c5 12. Bd5 Nxd5 13. Nxd5 Ne6 14. Rd1 Nd4 15. c3 Nxf3+ 16. gxf3 Bc6 17. Be3 Rd8 18. b4 cxb4 19. cxb4 0-0 20. Rac1 Bxd5 21. Rxd5 Bxb4 22. Rxe5 Rc8 23. Rb1 Ba3 24. Rb3 Bc1 25. Kg2 Bxe3 26. Rxe3 Rc6 27. a4 Rb8 28. axb5 axb5 29. Rb3 Rcb6 30. Rb4 Kf8 31. f4 g6 32. Kf3 Kg7 33. Rd5 R8b7 34. Ke3 1/2-1/2

[Event "HUN-ch Blitz"]
[Site "Ajka"]
[Date "2024.07.19"]
[Round "10"]
[White "Jakab, Attila"]
[Black "Danilenko, Dmitriy"]
[Result "1/2-1/2"]
[WhiteElo "2269"]
[BlackElo "2418"]
[PlyCount "71"]
[EventDate "2024.07.19"]
[EventType "swiss (blitz)"]
[EventRounds "13"]
[EventCountry "HUN"]
[SourceTitle "CBM 221 Extra"]
[Source "ChessBase"]
[SourceDate "2024.09.30"]
[SourceVersion "1"]
[SourceVersionDate "2024.09.30"]
[SourceQuality "1"]

1. d4 d5 2. c4 c6 3. Nf3 Nf6 4. e3 g6 5. Nbd2 Bg7 6. Be2 0-0 7. 0-0 Bf5 8. b3 c5 9. Bb2 dxc4 10. Nxc4 Nbd7 11. dxc5 Nxc5 12. Nd4 Bd7 13. Bf3 Rc8 14. Ne5 Be8 15. Rc1 Nfe4 16. Nd3 Nxd3 17. Qxd3 Nc5 18. Qb1 Qb6 19. Ba3 e5 20. Ne2 Bb5 21. Bxc5 Rxc5 22. Rxc5 Qxc5 23. Rc1 Qb6 24. Nc3 Rd8 25. Nd5 Qd6 26. e4 Bc6 27. Rd1 Bf8 28. Be2 Kg7 29. a4 Bxd5 30. Rxd5 Qc7 31. Bc4 Rxd5 32. Bxd5 b6 33. g3 Qc3 34. Qd1 Be7 35. Kg2 Bf6 36. Qf3 1/2-1/2

[Event "HUN-ch Blitz"]
[Site "Ajka"]
[Date "2024.07.19"]
[Round "2"]
[White "Pergel, Laszlo"]
[Black "Danilenko, Dmitriy"]
[Result "0-1"]
[WhiteElo "2156"]
[BlackElo "2418"]
[PlyCount "54"]
[EventDate "2024.07.19"]
[EventType "swiss (blitz)"]
[EventRounds "13"]
[EventCountry "HUN"]
[SourceTitle "CBM 221 Extra"]
[Source "ChessBase"]
[SourceDate "2024.09.30"]
[SourceVersion "1"]
[SourceVersionDate "2024.09.30"]
[SourceQuality "1"]

1. e4 c5 2. Nf3 d6 3. Bb5+ Bd7 4. Bxd7+ Nxd7 5. c4 Ngf6 6. Nc3 Ne5 7. Qe2 e6 8. d4 Nxf3+ 9. Qxf3 cxd4 10. Ne2 e5 11. 0-0 Be7 12. Ng3 g6 13. Bh6 Nd7 14. Qe2 Bg5 15. Bxg5 Qxg5 16. f4 exf4 17. Qd2 0-0 18. Ne2 Nc5 19. Qxd4 Ne6 20. Qd2 Rac8 21. b3 Qc5+ 22. Kh1 Ng5 23. Qxf4 Rfe8 24. Nc3 Re5 25. h4 Kg7 26. Kh2 h6 27. hxg5 hxg5 0-1

[Event "HUN-ch Blitz"]
[Site "Ajka"]
[Date "2024.07.19"]
[Round "6"]
[White "Svidler, Peter"]
[Black "Danilenko, Dmitriy"]
[Result "1/2-1/2"]
[WhiteElo "2698"]
[BlackElo "2418"]
[PlyCount "49"]
[EventDate "2024.07.19"]
[EventType "swiss (blitz)"]
[EventRounds "13"]
[EventCountry "HUN"]
[SourceTitle "CBM 221 Extra"]
[Source "ChessBase"]
[SourceDate "2024.09.30"]
[SourceVersion "1"]
[SourceVersionDate "2024.09.30"]
[SourceQuality "1"]

1. e4 c5 2. Nf3 d6 3. Bb5+ Bd7 4. c4 Nc6 5. Nc3 e5 6. d3 Nge7 7. a3 Ng6 8. h4 h5 9. Nd5 Be7 10. g3 Bg4 11. Ne3 a6 12. Bxc6+ bxc6 13. Nxg4 hxg4 14. Nh2 Bxh4 15. Nxg4 Bg5 16. Rxh8+ Nxh8 17. f4 exf4 18. gxf4 Bh4+ 19. Kd2 Ng6 20. Kc2 Rb8 21. f5 Nf8 22. Bd2 Qb6 23. Bc3 Bg5 24. Kb1 f6 25. Ka2 1/2-1/2

[Event "Valencia Cuna op 5th"]
[Site "Valencia"]
[Date "2024.07.10"]
[Round "5"]
[White "Luque Saiz, Andres"]
[Black "Danilenko, Dmitriy"]
[Result "0-1"]
[WhiteElo "2321"]
[BlackElo "2418"]
[PlyCount "84"]
[EventDate "2024.07.06"]
[EventType "swiss"]
[EventRounds "9"]
[EventCountry "ESP"]
[SourceTitle "CBM 221 Extra"]
[Source "ChessBase"]
[SourceDate "2024.09.30"]
[SourceVersion "1"]
[SourceVersionDate "2024.09.30"]
[SourceQuality "1"]

1. d4 Nf6 2. c4 g6 3. Nf3 Bg7 4. g3 0-0 5. Bg2 c6 6. 0-0 d5 7. cxd5 cxd5 8. Nc3 Nc6 9. Ne5 Bf5 10. Bf4 Ne4 11. Rc1 Nxc3 12. bxc3 Na5 13. Re1 Rc8 14. Nd3 b6 15. Nb4 Be6 16. e4 dxe4 17. Bxe4 Qd7 18. Qf3 Rfe8 19. Bd5 Bxd5 20. Nxd5 e6 21. Ne3 Qb7 22. Qe2 h5 23. Qb5 a6 24. Qd3 b5 25. Ng2 Nc4 26. Nh4 Qd5 27. Qf3 Qxf3 28. Nxf3 Nb6 29. Bd2 Rc4 30. Ng5 Ra4 31. Rc2 Rc8 32. Rec1 Nd5 33. Ne4 Bf8 34. Be3 Rac4 35. Kf1 b4 36. Nd2 Rxc3 37. Rxc3 Rxc3 38. Rxc3 Nxc3 39. a3 bxa3 40. Nb3 a2 41. Bc1 Na4 42. Ke2 Bb4 0-1

[Event "Valencia Cuna op 5th"]
[Site "Valencia"]
[Date "2024.07.09"]
[Round "4"]
[White "Danilenko, Dmitriy"]
[Black "Vega Gutierrez, Sabrina Neide"]
[Result "1-0"]
[WhiteElo "2418"]
[BlackElo "2371"]
[PlyCount "127"]
[EventDate "2024.07.06"]
[EventType "swiss"]
[EventRounds "9"]
[EventCountry "ESP"]
[SourceTitle "CBM 221 Extra"]
[Source "ChessBase"]
[SourceDate "2024.09.30"]
[SourceVersion "1"]
[SourceVersionDate "2024.09.30"]
[SourceQuality "1"]

1. e4 c5 2. Nf3 e6 3. d4 cxd4 4. Nxd4 Nf6 5. Nc3 Nc6 6. a3 d5 7. Bb5 Bd7 8. exd5 exd5 9. 0-0 Be7 10. Be3 0-0 11. h3 h6 12. Re1 a6 13. Be2 Bd6 14. Nb3 Be5 15. Bf3 Bf5 16. Na4 d4 17. Bd2 Re8 18. Nac5 Qc7 19. Nd3 Bh2+ 20. Kh1 Ne4 21. Bxe4 Bxe4 22. Rxe4 Rxe4 23. g3 Bxg3 24. Qf3 Rae8 25. Qxg3 Qxg3 26. fxg3 Ne5 27. Nxe5 R8xe5 28. Rd1 Rf5 29. Kg1 g5 30. Be1 Rd5 31. Bf2 d3 32. Rxd3 Rxd3 33. cxd3 Re2 34. Bd4 f5 35. Nc5 Rd2 36. Bc3 Rd1+ 37. Kf2 b6 38. Nxa6 Rxd3 39. Nb4 Rd1 40. Nc2 f4 41. gxf4 gxf4 42. Ne1 Kf7 43. Kf3 Kg6 44. Kxf4 Kh5 45. Nf3 Rd8 46. Kg3 Rg8+ 47. Kf2 b5 48. Be5 Rc8 49. Ke3 Rc1 50. Kf4 Rh1 51. Kg3 Rd1 52. Bc3 Rd8 53. Nd4 Rg8+ 54. Kh2 Rg5 55. Ne6 Rg8 56. Nf4+ Kg5 57. Kg3 Kf5+ 58. Kf3 Rg1 59. Ne2 Rd1 60. Nd4+ Kg5 61. Nxb5 Kh4 62. Kg2 Rd3 63. Be1+ Kh5 64. Nc3 1-0

[Event "Valencia Cuna op 5th"]
[Site "Valencia"]
[Date "2024.07.07"]
[Round "2"]
[White "Danilenko, Dmitriy"]
[Black "Gonzalez Castillo, Jose Javier"]
[Result "1-0"]
[WhiteElo "2418"]
[BlackElo "2165"]
[PlyCount "51"]
[EventDate "2024.07.06"]
[EventType "swiss"]
[EventRounds "9"]
[EventCountry "ESP"]
[SourceTitle "CBM 221 Extra"]
[Source "ChessBase"]
[SourceDate "2024.09.30"]
[SourceVersion "1"]
[SourceVersionDate "2024.09.30"]
[SourceQuality "1"]

1. d4 Nf6 2. c4 e6 3. Bf4 b6 4. a3 Bb7 5. Nc3 Be7 6. d5 d6 7. e4 Nbd7 8. Nf3 0-0 9. Bd3 e5 10. Be3 Nh5 11. 0-0 g6 12. Bc2 Ng7 13. Nd2 Bg5 14. Qe2 f5 15. exf5 gxf5 16. f4 Bf6 17. fxe5 Bxe5 18. Nf3 Bxc3 19. bxc3 Ne5 20. Bd4 Ng6 21. Qd2 c5 22. dxc6 Bxc6 23. Qh6 Ne6 24. Rae1 Nxd4 25. Nxd4 Bd7 26. Bxf5 1-0

[Event "Budapest SixDays 06 IM-B"]
[Site "Budapest"]
[Date "2024.06.06"]
[Round "6"]
[White "Danilenko, Dmitriy"]
[Black "Advaitt, Srikant Koduri"]
[Result "1-0"]
[WhiteElo "2403"]
[BlackElo "2066"]
[PlyCount "77"]
[EventDate "2024.06.03"]
[EventType "tourn"]
[EventRounds "9"]
[EventCountry "HUN"]
[SourceTitle "CBM 220 Extra"]
[Source "ChessBase"]
[SourceDate "2024.07.31"]
[SourceVersion "1"]
[SourceVersionDate "2024.07.31"]
[SourceQuality "1"]

1. e4 c5 2. Nf3 d6 3. d4 cxd4 4. Nxd4 Nf6 5. Nc3 g6 6. Be3 Bg7 7. f3 0-0 8. Qd2 Nc6 9. 0-0-0 d5 10. Nxc6 bxc6 11. Bc4 e6 12. Bb3 Qc7 13. h4 Bb7 14. Bf4 e5 15. Bh6 d4 16. Na4 c5 17. Bc4 Qc6 18. b3 Ba6 19. Nb2 Bxc4 20. Nxc4 Rfe8 21. Bxg7 Kxg7 22. h5 Rab8 23. hxg6 fxg6 24. Qg5 Qe6 25. a3 Rb7 26. Rh4 Kg8 27. Qd2 Rb5 28. Rdh1 Re7 29. g4 Reb7 30. Qd3 a6 31. Rh6 Rf7 32. Qe2 Rb8 33. Qh2 Re7 34. Rxg6+ hxg6 35. Qh8+ Kf7 36. Qxb8 Ne8 37. Rh7+ Kf6 38. Qd8 Ng7 39. g5+ 1-0

[Event "Budapest SixDays 06 IM-B"]
[Site "Budapest"]
[Date "2024.06.05"]
[Round "5"]
[White "Varga, Csaba Zoltan"]
[Black "Danilenko, Dmitriy"]
[Result "0-1"]
[WhiteElo "2157"]
[BlackElo "2403"]
[PlyCount "131"]
[EventDate "2024.06.03"]
[EventType "tourn"]
[EventRounds "9"]
[EventCountry "HUN"]
[SourceTitle "CBM 220 Extra"]
[Source "ChessBase"]
[SourceDate "2024.07.31"]
[SourceVersion "1"]
[SourceVersionDate "2024.07.31"]
[SourceQuality "1"]

1. e4 c5 2. Nf3 d6 3. d4 cxd4 4. Nxd4 Nf6 5. Nc3 Nc6 6. Bc4 e6 7. Be3 Bd7 8. Bb3 a6 9. Qe2 b5 10. 0-0-0 Na5 11. Kb1 Nxb3 12. Nxb3 b4 13. e5 dxe5 14. Na4 Nd5 15. Nac5 Be7 16. Qg4 g6 17. Rhe1 Qc7 18. Nxd7 Qxd7 19. Bh6 f5 20. Qe2 Bd6 21. g4 Rg8 22. gxf5 gxf5 23. Rg1 Rg6 24. Qh5 Qf7 25. Bg5 h6 26. Bxh6 Rxg1 27. Qxf7+ Kxf7 28. Rxg1 Rh8 29. Rg7+ Kf6 30. Rd7 Be7 31. Be3 Rxh2 32. Kc1 Nxe3 33. fxe3 Re2 34. c4 bxc3 35. bxc3 Rxa2 36. c4 Ba3+ 37. Kd1 Rb2 38. Rb7 f4 39. Nc5 Ra2 40. Ne4+ Kf5 41. Nc3 Rh2 42. e4+ Kg4 43. Na4 f3 44. Ke1 Bc1 45. Rg7+ Kf4 46. Rf7+ Ke3 47. Kd1 Ba3 48. c5 Rd2+ 49. Ke1 f2+ 50. Kf1 Rd1+ 51. Kg2 Rg1+ 52. Kh3 f1Q+ 53. Rxf1 Rxf1 54. Kg4 Rg1+ 55. Kh5 Kxe4 56. c6 Rc1 57. Kg6 Rxc6 58. Kf6 Kf4 59. Kg6 e4 60. Kf6 e3 61. Nc3 Rxc3 62. Kg6 e2 63. Kf6 e1Q 64. Kf7 Qe5 65. Kg8 Rc8+ 66. Kh7 0-1

[Event "BCC op 21st"]
[Site "Hua Hin"]
[Date "2024.04.19"]
[Round "7"]
[White "Pham, Tran Gia Phuc"]
[Black "Danilenko, Dmitriy"]
[Result "1/2-1/2"]
[WhiteElo "2423"]
[BlackElo "2400"]
[PlyCount "87"]
[EventDate "2024.04.13"]
[EventType "swiss"]
[EventRounds "9"]
[EventCountry "THA"]
[SourceTitle "CBM 219 Extra"]
[Source "ChessBase"]
[SourceDate "2024.05.31"]
[SourceVersion "1"]
[SourceVersionDate "2024.05.31"]
[SourceQuality "1"]

1. d4 d5 2. Bf4 Nf6 3. Nf3 c5 4. e3 e6 5. c3 Bd6 6. Bd3 Bxf4 7. exf4 Qc7 8. g3 b6 9. Nbd2 0-0 10. Qe2 a5 11. h4 Ba6 12. Bxa6 Nxa6 13. h5 h6 14. Kf1 b5 15. Kg2 cxd4 16. cxd4 Qb6 17. a3 Rfc8 18. Qd3 a4 19. Ne5 Nb8 20. Rac1 Nc6 21. Rc5 Na7 22. Qc2 Qb7 23. Rc1 Rxc5 24. dxc5 Rc8 25. Ndf3 Ne4 26. Nd3 Nc6 27. Nb4 Na5 28. c6 Qb6 29. f5 Nxc6 30. Ne5 Ne7 31. Qxc8+ Nxc8 32. Rxc8+ Kh7 33. Nbd3 Nd6 34. Rc6 Qd8 35. fxe6 fxe6 36. Nf4 d4 37. Nxe6 Qa8 38. Nxd4 Nc4 39. Nxc4 bxc4 40. Kg1 Qg8 41. Rc5 Qe8 42. Rxc4 Qxh5 43. Rb4 Qd1+ 44. Kg2 1/2-1/2

[Event "Titled Tuesday intern op 26th Apr Early"]
[Site "Chess.com INT"]
[Date "2022.04.26"]
[Round "3"]
[White "Danilenko, Dmitriy"]
[Black "Aradhya, Garg"]
[Result "1-0"]
[WhiteElo "2401"]
[BlackElo "2295"]
[PlyCount "153"]
[EventDate "2022.04.26"]
[EventType "swiss (blitz)"]
[EventRounds "11"]
[EventCountry "USA"]
[SourceTitle "CBM 208 Extra"]
[Source "ChessBase"]
[SourceDate "2022.07.31"]
[SourceVersion "1"]
[SourceVersionDate "2022.07.31"]
[SourceQuality "1"]

1. e4 e5 2. Nf3 Nc6 3. Nc3 Nf6 4. a3 Nd4 5. Bc4 c6 6. 0-0 d5 7. exd5 cxd5 8. Nxd5 Bg4 9. Ne3 Nxf3+ 10. gxf3 Bh3 11. Re1 Bc5 12. Bf1 Bxf1 13. Nxf1 Qd4 14. Qe2 0-0-0 15. d3 Nd5 16. c3 Qh4 17. d4 Bb6 18. Qxe5 Bc7 19. Qf5+ Kb8 20. Re4 Qf6 21. Qxf6 Nxf6 22. Re1 Rd5 23. Bd2 a5 24. Ng3 a4 25. Re7 Rf8 26. Rae1 Bd6 27. R7e2 Bc7 28. Ne4 Nh5 29. Nc5 b6 30. Na6+ Kb7 31. Nxc7 Kxc7 32. Re5 Rxe5 33. Rxe5 g6 34. Kf1 Ng7 35. Ke2 Ne6 36. Kd3 Kc6 37. d5+ Kd6 38. f4 Nc5+ 39. Kc4 Rc8 40. Kb5 f6 41. Re2 Kxd5 42. Be3 Nd3 43. Rd2 Ke4 44. Kxb6 Rb8+ 45. Ka5 Nxb2 46. Rd4+ Kf3 47. c4 Rb3 48. c5 Rxa3 49. c6 Rc3 50. Kb6 a3 51. Rd8 a2 52. Ra8 Rb3+ 53. Kc5 Rc3+ 54. Kd6 Nc4+ 55. Kd7 Nb6+ 56. Bxb6 Rd3+ 57. Ke7 Rb3 58. Rxa2 Rxb6 59. c7 Rc6 60. Kd7 Rc3 61. c8Q Rxc8 62. Kxc8 Kxf4 63. Kd7 Kf5 64. Ke7 g5 65. Ra6 Kg4 66. Rxf6 h5 67. Ke6 Kh3 68. Rg6 g4 69. Rg5 Kxh2 70. Rxh5+ Kg2 71. Rf5 g3 72. fxg3 Kxg3 73. Ke5 Kg4 74. Rf4+ Kg5 75. Re4 Kh5 76. Kf6 Kh6 77. Rh4# 1-0

[Event "Titled Tuesday intern op 05th Apr Early"]
[Site "Chess.com INT"]
[Date "2022.04.05"]
[Round "5"]
[White "Danilenko, Dmitriy"]
[Black "Gunina, Valentina"]
[Result "1/2-1/2"]
[WhiteElo "2401"]
[BlackElo "2471"]
[PlyCount "120"]
[EventDate "2022.04.05"]
[EventType "swiss (blitz)"]
[EventRounds "11"]
[EventCountry "USA"]
[SourceTitle "CBM 207 Extra"]
[Source "ChessBase"]
[SourceDate "2022.05.31"]
[SourceVersion "1"]
[SourceVersionDate "2022.05.31"]
[SourceQuality "1"]

1. e4 c6 2. c4 d5 3. cxd5 cxd5 4. exd5 Nf6 5. Qa4+ Nbd7 6. Nc3 g6 7. Bc4 Bg7 8. d3 0-0 9. Nf3 a6 10. Qa3 b6 11. 0-0 Bb7 12. Re1 Re8 13. Bf4 b5 14. Bb3 Nb6 15. d6 Bxf3 16. gxf3 exd6 17. Qxd6 Qxd6 18. Bxd6 Nfd7 19. Re4 Rac8 20. Rae1 Rxe4 21. Rxe4 Bxc3 22. bxc3 Nf6 23. Re7 Nbd5 24. Ra7 a5 25. Rxa5 Nxc3 26. Be5 Nfd5 27. Bxd5 Nxd5 28. Rxb5 Nc3 29. Ra5 Ne2+ 30. Kf1 Nc1 31. d4 Nd3 32. a4 f6 33. Bxf6 Rc2 34. Bh4 Nf4 35. Ke1 Nd3+ 36. Kd1 Ra2 37. Ra7 Rxa4 38. Rxa4 Nb2+ 39. Kc2 Nxa4 40. Kd3 Kf7 41. Ke4 Ke6 42. d5+ Kd7 43. Bf6 Nc5+ 44. Kd4 Nb3+ 45. Ke5 Nd2 46. Kf4 Kd6 47. Bc3 Nf1 48. h4 Kxd5 49. Kg5 Nh2 50. f4 Ke6 51. Kh6 Ng4+ 52. Kxh7 Kf5 53. Bd4 Nh2 54. Kh6 Nf3 55. Be3 Nxh4 56. Kg7 Ng2 57. Kf7 Nxf4 58. Bxf4 Kxf4 59. Kxg6 Kf3 60. Kf5 Kxf2 1/2-1/2

[Event "Titled Tuesday intern op 05th Apr Early"]
[Site "Chess.com INT"]
[Date "2022.04.05"]
[Round "7"]
[White "Danilenko, Dmitriy"]
[Black "Leiva Rodriguez, Jeammarco Giuseppe"]
[Result "1-0"]
[WhiteElo "2401"]
[BlackElo "2405"]
[PlyCount "95"]
[EventDate "2022.04.05"]
[EventType "swiss (blitz)"]
[EventRounds "11"]
[EventCountry "USA"]
[SourceTitle "CBM 207 Extra"]
[Source "ChessBase"]
[SourceDate "2022.05.31"]
[SourceVersion "1"]
[SourceVersionDate "2022.05.31"]
[SourceQuality "1"]

1. e4 c5 2. Nc3 d6 3. Nf3 Nf6 4. e5 dxe5 5. Nxe5 Nbd7 6. Nc4 e6 7. g3 Rb8 8. a4 b6 9. Bg2 Bb7 10. Bxb7 Rxb7 11. 0-0 Be7 12. Qf3 Rb8 13. Nb5 Ra8 14. Qxa8 Qxa8 15. Nc7+ Kd8 16. Nxa8 Kc8 17. a5 Kb7 18. axb6 axb6 19. Naxb6 Nxb6 20. Nxb6 Kxb6 21. d3 Nd5 22. Bd2 Bf6 23. Ra3 Rb8 24. Rb3+ Kc7 25. Rxb8 Kxb8 26. c3 Kb7 27. Ra1 h5 28. Kg2 h4 29. Kf3 g6 30. Ra4 Nb6 31. Ra5 c4 32. Ke2 Bd8 33. dxc4 Nxc4 34. Rb5+ Kc6 35. Rb4 Nb6 36. gxh4 Nd5 37. Rc4+ Kd6 38. b4 f5 39. b5 Kd7 40. Bg5 Ba5 41. Kd3 e5 42. f3 Nc7 43. Rc6 Ne6 44. Kc4 e4 45. fxe4 f4 46. Ra6 Bc7 47. Kd5 Nxg5 48. hxg5 1-0

[Event "Titled Tuesday intern op 05th Apr Early"]
[Site "Chess.com INT"]
[Date "2022.04.05"]
[Round "8"]
[White "Danilenko, Dmitriy"]
[Black "Pranav, V."]
[Result "1-0"]
[WhiteElo "2401"]
[BlackElo "2481"]
[PlyCount "71"]
[EventDate "2022.04.05"]
[EventType "swiss (blitz)"]
[EventRounds "11"]
[EventCountry "USA"]
[SourceTitle "CBM 207 Extra"]
[Source "ChessBase"]
[SourceDate "2022.05.31"]
[SourceVersion "1"]
[SourceVersionDate "2022.05.31"]
[SourceQuality "1"]

1. e4 e5 2. Nf3 Nc6 3. Nc3 Nf6 4. a3 g6 5. d4 exd4 6. Nxd4 Bg7 7. Nxc6 bxc6 8. Bc4 0-0 9. 0-0 d6 10. h3 Nd7 11. Re1 a5 12. Be3 Rb8 13. Rb1 Qh4 14. Qd2 h6 15. f4 Qf6 16. Rf1 Qe7 17. Bd4 Nb6 18. Ba2 Bxd4+ 19. Qxd4 Be6 20. Rbe1 Nd7 21. Bxe6 fxe6 22. b3 Rf7 23. Qc4 c5 24. f5 Ne5 25. Qxe6 Qxe6 26. fxe6 Rxf1+ 27. Rxf1 c6 28. Rd1 Kf8 29. Rxd6 Ke7 30. Rd1 Kxe6 31. Na4 c4 32. Nc5+ Ke7 33. bxc4 Nxc4 34. Rd7+ Kf6 35. Rc7 Rb1+ 36. Kh2 1-0

[Event "Titled Tuesday intern op 05th Apr Early"]
[Site "Chess.com INT"]
[Date "2022.04.05"]
[Round "4"]
[White "Harshavardhan, GB."]
[Black "Danilenko, Dmitriy"]
[Result "0-1"]
[WhiteElo "2367"]
[BlackElo "2401"]
[PlyCount "28"]
[EventDate "2022.04.05"]
[EventType "swiss (blitz)"]
[EventRounds "11"]
[EventCountry "USA"]
[SourceTitle "CBM 207 Extra"]
[Source "ChessBase"]
[SourceDate "2022.05.31"]
[SourceVersion "1"]
[SourceVersionDate "2022.05.31"]
[SourceQuality "1"]

1. e4 Nf6 2. e5 Nd5 3. d4 d6 4. Nf3 dxe5 5. Nxe5 c6 6. c4 Nb4 7. a3 Qxd4 8. Nc3 Qxe5+ 9. Be2 N4a6 10. 0-0 Bf5 11. Re1 e6 12. Qb3 Nc5 13. Qb4 Nba6 14. Qa5 b6 0-1

[Event "Titled Tuesday intern op 22 Mar Early"]
[Site "Chess.com INT"]
[Date "2022.03.22"]
[Round "5"]
[White "Danilenko, Dmitriy"]
[Black "Lou, Yiping"]
[Result "1/2-1/2"]
[WhiteElo "2401"]
[BlackElo "2485"]
[PlyCount "111"]
[EventDate "2022.03.22"]
[EventType "swiss (blitz)"]
[EventRounds "11"]
[EventCountry "USA"]
[SourceTitle "CBM 207 Extra"]
[Source "ChessBase"]
[SourceDate "2022.05.31"]
[SourceVersion "1"]
[SourceVersionDate "2022.05.31"]
[SourceQuality "1"]

1. e4 e5 2. Nf3 Nc6 3. Nc3 Nf6 4. a3 g6 5. d4 exd4 6. Nxd4 Bg7 7. Nxc6 bxc6 8. Bc4 0-0 9. 0-0 Re8 10. Re1 d5 11. exd5 Rxe1+ 12. Qxe1 cxd5 13. Bd3 Bb7 14. Bg5 Qd7 15. Qd2 Re8 16. Re1 Rxe1+ 17. Qxe1 d4 18. Bxf6 Bxf6 19. Ne4 Bxe4 20. Qxe4 Kg7 21. Kf1 c5 22. b3 Qe7 23. Ke2 Qxe4+ 24. Bxe4 Bg5 25. Kd3 Bc1 26. a4 a5 27. Kc4 Ba3 28. Kd5 Bb4 29. Bd3 Kf6 30. f3 Ke7 31. g3 Kf6 32. h3 Kg7 33. f4 Kf6 34. g4 h6 35. Ke4 g5 36. Bc4 Bd2 37. f5 Bb4 38. Kd5 Ba3 39. Kd6 Kg7 40. Ke7 f6 41. Ke6 Bb4 42. Bd3 Ba3 43. Kd5 Bb4 44. Be4 Ba3 45. Kc4 Bb4 46. Kb5 Kf7 47. Kc6 Ke7 48. Kd5 Ba3 49. Kc4 Bb4 50. Bd5 Ba3 51. Bf3 Kd6 52. c3 Ke5 53. cxd4+ cxd4 54. Kd3 Bb4 55. Bg2 Bc3 56. Bf1 1/2-1/2

[Event "Titled Tuesday intern op 22 Mar Early"]
[Site "Chess.com INT"]
[Date "2022.03.22"]
[Round "10"]
[White "Kosteniuk, Alexandra"]
[Black "Danilenko, Dmitriy"]
[Result "1-0"]
[WhiteElo "2516"]
[BlackElo "2401"]
[PlyCount "121"]
[EventDate "2022.03.22"]
[EventType "swiss (blitz)"]
[EventRounds "11"]
[EventCountry "USA"]
[SourceTitle "CBM 207 Extra"]
[Source "ChessBase"]
[SourceDate "2022.05.31"]
[SourceVersion "1"]
[SourceVersionDate "2022.05.31"]
[SourceQuality "1"]

1. e4 Nf6 2. e5 Nd5 3. d4 d6 4. Nf3 dxe5 5. Nxe5 c6 6. Bc4 Nd7 7. Nf3 e6 8. 0-0 b5 9. Bd3 Bb7 10. Re1 Be7 11. b3 b4 12. a3 a5 13. Bd2 0-0 14. c4 bxc3 15. Nxc3 c5 16. Ne4 cxd4 17. Nxd4 N7f6 18. Nf3 Nxe4 19. Bxe4 Bf6 20. Rc1 Qb6 21. Qc2 g6 22. Qb1 Rfd8 23. Rc4 Ba6 24. Rcc1 Rab8 25. b4 axb4 26. Bxd5 Rxd5 27. axb4 Rf5 28. Re4 Bb7 29. Rf4 Bxf3 30. Rxf3 Rxf3 31. gxf3 Bd4 32. Be1 Qd6 33. Qe4 Bb6 34. Rc6 Qd1 35. Kg2 Qd7 36. Bc3 Bc7 37. Qc4 Bd8 38. b5 Be7 39. b6 Qd5 40. Qxd5 exd5 41. Bd4 Bd8 42. f4 Kf8 43. Kf3 Ke7 44. f5 Kd7 45. Rc5 Kd6 46. Rb5 Kc6 47. Rc5+ Kd6 48. Rb5 Rb7 49. fxg6 fxg6 50. Be3 Kc6 51. Rc5+ Kd6 52. Rb5 Rf7+ 53. Ke2 Kc6 54. Rc5+ Kb7 55. Rxd5 Be7 56. Rd7+ Kc6 57. b7 Kxd7 58. b8Q Bd6 59. Qb7+ Ke6 60. Qb3+ Kd7 61. Qxf7+ 1-0

[Event "Titled Tuesday intern op 22 Mar Early"]
[Site "Chess.com INT"]
[Date "2022.03.22"]
[Round "2"]
[White "Lewtak, Damian"]
[Black "Danilenko, Dmitriy"]
[Result "0-1"]
[WhiteElo "2381"]
[BlackElo "2401"]
[PlyCount "74"]
[EventDate "2022.03.22"]
[EventType "swiss (blitz)"]
[EventRounds "11"]
[EventCountry "USA"]
[SourceTitle "CBM 207 Extra"]
[Source "ChessBase"]
[SourceDate "2022.05.31"]
[SourceVersion "1"]
[SourceVersionDate "2022.05.31"]
[SourceQuality "1"]

1. d4 f5 2. Nf3 Nf6 3. c4 g6 4. Nc3 Bg7 5. g3 0-0 6. Bg2 d6 7. 0-0 Qe8 8. Re1 Qf7 9. b3 Ne4 10. Bb2 c5 11. Qd3 Nc6 12. Nxe4 fxe4 13. Qxe4 cxd4 14. Qd5 Be6 15. Qb5 Rab8 16. Rf1 a6 17. Qb6 Bg4 18. h3 Bxf3 19. Bxf3 d3 20. Qe3 dxe2 21. Bd5 exf1Q+ 22. Rxf1 Bxb2 23. Bxf7+ Rxf7 24. Kg2 Bd4 25. Qe4 e5 26. a3 Rbf8 27. f3 Kg7 28. b4 Ne7 29. h4 Nf5 30. Re1 h5 31. a4 Rc8 32. Rc1 Ne3+ 33. Kh3 Rxc4 34. Re1 Rc3 35. b5 axb5 36. axb5 Nc4 37. f4 Bf2 0-1